Could Have Been Me - The Struts (Lyrics) - Statistics

General Stats
  • This quiz has been taken 12 times
  • The average score is 235 of 305
Answer Stats
Lyrics % Correct
me
100%
you,
100%
you
100%
a
92%
can't
92%
hear
92%
I
92%
of
92%
the
92%
The
92%
an
83%
and
83%
as
83%
been
83%
Could
83%
could
83%
Don't
83%
don't
83%
fear
83%
feel
83%
glory
83%
have
83%
in
83%
It
83%
live
83%
my
83%
story
83%
time
83%
untold
83%
wanna
83%
Wanna
83%
better
75%
go
75%
love
75%
now
75%
out
75%
pain
75%
Rather
75%
rather
75%
regret
75%
waste
75%
your
75%
blaze
67%
blood
67%
days
67%
melody
67%
on
67%
one
67%
pride
67%
shame
67%
sweat
67%
take
67%
taste
67%
to
67%
What
67%
won't
67%
Yeah
67%
back
58%
'cause
58%
I'll
58%
is
58%
last
58%
line
58%
look
58%
Never
58%
say
58%
unsung
58%
Wrapped
58%
bad
50%
die
50%
I'd
50%
listen
50%
Monday
50%
morning
50%
up
50%
wake
50%
broken
42%
crawling
42%
getting
42%
past
42%
skin
42%
thought
42%
work
42%
Hey
33%
telling
33%
with
33%
bullets
25%
Dodging
25%
silence
25%
Oh-oh-oh
8%
No matching quizzes found
Score Distribution
Percent of People with Each Score
Percentile by Number Answered
Your Score History
You have not taken this quiz